|
|
|
|
| LEADER |
01746nam a2200445 i 4500 |
| 001 |
EBC4625204 |
| 003 |
MiAaPQ |
| 005 |
20200520144314.0 |
| 006 |
m o d | |
| 007 |
cr cnu|||||||| |
| 008 |
160903t20162016gw ob 000 0 ger d |
| 020 |
|
|
|z 9783837624045
|
| 020 |
|
|
|a 9783839424049 (e-book)
|
| 035 |
|
|
|a (MiAaPQ)EBC4625204
|
| 035 |
|
|
|a (Au-PeEL)EBL4625204
|
| 035 |
|
|
|a (CaPaEBR)ebr11244791
|
| 035 |
|
|
|a (CaONFJC)MIL938488
|
| 035 |
|
|
|a (OCoLC)956648228
|
| 040 |
|
|
|a MiAaPQ
|b eng
|e rda
|e pn
|c MiAaPQ
|d MiAaPQ
|
| 050 |
|
4 |
|a H62
|b .P739 2016
|
| 082 |
0 |
|
|a 001.42
|2 23
|
| 245 |
0 |
0 |
|a Praxistheorie :
|b ein soziologisches forschungsprogramm /
|c Hilmar Schafer (hg.).
|
| 264 |
|
1 |
|a Bielefeld, [Germany] :
|b [transcript],
|c 2016.
|
| 264 |
|
4 |
|c 2016
|
| 300 |
|
|
|a 1 online resource (385 pages).
|
| 336 |
|
|
|a text
|2 rdacontent
|
| 337 |
|
|
|a computer
|2 rdamedia
|
| 338 |
|
|
|a online resource
|2 rdacarrier
|
| 490 |
1 |
|
|a Sozialtheorie
|
| 504 |
|
|
|a Includes bibliographical references at the end of each chapters.
|
| 588 |
|
|
|a Description based on print version record.
|
| 590 |
|
|
|a Electronic reproduction. Ann Arbor, MI : ProQuest, 2016. Available via World Wide Web. Access may be limited to ProQuest affiliated libraries.
|
| 650 |
|
0 |
|a Qualitative research.
|
| 650 |
|
0 |
|a Social sciences
|x Research.
|
| 655 |
|
4 |
|a Electronic books.
|
| 700 |
1 |
|
|a Schafer, Hilmar,
|e editor.
|
| 776 |
0 |
8 |
|i Print version:
|t Praxistheorie : ein soziologisches forschungsprogramm.
|d Bielefeld, [Germany] : [transcript], c2016
|h 382 pages
|k Sozialtheorie.
|z 9783837624045
|w 2016418211
|
| 797 |
2 |
|
|a ProQuest (Firm)
|
| 830 |
|
0 |
|a Sozialtheorie.
|
| 856 |
4 |
0 |
|u https://ebookcentral.proquest.com/lib/matrademy/detail.action?docID=4625204
|z Click to View
|